000 00443nam a22001457a 4500
005 20240610145350.0
008 240610b |||||||| |||| 00| 0 eng d
082 _a349 LAW
100 _lEnglish
245 _aThe All England Law Reports: Reprint
260 _aLondon:
_bButterworth and Co. Publishers Ltd,
_c1950
300 _bxlii, 1108 pages;
_c25 cm.
650 _aLegal practice
_bLaw
942 _cBK
_6ALISON_BN_VRIES
999 _c1945
_d1945